| 000 | 00336nam a2200145Ia 4500 | ||
|---|---|---|---|
| 008 | 230312s9999||||xx |||||||||||||| ||und|| | ||
| 020 | _a0-8151-8452-2 | ||
| 082 |
_a613.7 _bPRE-F |
||
| 100 | _aPrentice | ||
| 245 | 0 | _aFitness For College and Life | |
| 260 |
_bMosby _aUK _c1997 |
||
| 300 | _a393 | ||
| 650 | _aPhysiotherapy | ||
| 942 | _cBK | ||
| 999 |
_c2821 _d2821 |
||